| 000 | 00436nam a22001577a 4500 | ||
|---|---|---|---|
| 003 | OSt | ||
| 005 | 20220310110115.0 | ||
| 008 | 220310b |||||||| |||| 00| 0 eng d | ||
| 020 | _a0333683552 | ||
| 040 | _cHU | ||
| 100 |
_a Delabarre M. A. _916682 |
||
| 245 |
_aRubber _bThe Tropical agriculturalist. _cDelabarre M. A. &J B Serier |
||
| 260 |
_aMalaysia _bCTA & MACMILLAN _c2000 |
||
| 300 |
_avii,149 p _bpc _c24 |
||
| 942 |
_2ddc _cBOOKS _n0 |
||
| 999 |
_c32512 _d32512 |
||